000 00349nam a2200145Ia 4500
008 230523s9999 xx 000 0 und d
082 _a028.7 VEE
100 _aVeeranjaneyulu, K.
245 0 _aEmerging Technologies in Information Management
260 _aHyderabad
260 _bBS Publications
260 _c2014
300 _a294
942 _cTB
999 _c2536
_d2536